IATA Airport Codes by City (AFRICA) - Statistics

General Stats
  • This quiz has been taken 579 times
  • The average score is 15 of 27
Answer Stats
Hint Answer % Correct
TUN Tunis
95%
CAI Cairo
93%
CPT Cape Town
91%
DKR Dakar
88%
NBO Nairobi
88%
ACC Accra
85%
ADD Addis Ababa
79%
ALG Algiers
79%
DUR Durban
77%
LOS Lagos
77%
CAS Casablanca
64%
RBA Rabat
64%
KRT Khartoum
59%
LAD Luanda
53%
GBE Gaborone
46%
FIH Kinshasa
45%
LBV Libreville
44%
ABV Abuja
40%
ASW Aswan
31%
ALY Alexandria
30%
RAK Marrakesh
28%
NSI Yaounde
21%
BFN Bloemfontein
19%
SSG Malabo
18%
RAI Praia
17%
TNG Tangiers
16%
HAH Moroni
11%
No matching quizzes found
Score Distribution
Percent of People with Each Score
Percentile by Number Answered
Your Score History
You have not taken this quiz